| 000 | 01472nam0a22002771 4500 | ||
|---|---|---|---|
| 001 | rc\3534519 | ||
| 005 | 20250610032958.0 | ||
| 021 |
_aRU _b[71-38883] |
||
| 035 | _a(NLR Aleph) 007666923 | ||
| 090 |
_a6392947 _c6392947 |
||
| 100 | _a20130115d1971 |||y0rusy50 ca | ||
| 101 | 0 | _arus | |
| 102 | _aRU | ||
| 105 | _ay z ||||| | ||
| 200 | 1 |
_aВнедрение полного хозяйственного расчета на предприятиях города Петрозаводска _e[Материалы и рекомендации гор. конф., состоявшейся 17 ноября 1970 г.] _fПетрозавод. горком КПСС. Карельск. межотраслевой территор. центр науч.-техн. информации и пропаганды |
|
| 210 |
_aПетрозаводск _cБ. и. _d1971 |
||
| 215 |
_a54 с. _d19 |
||
| 606 |
_aПромышленные предприятия _xХозяйственный расчет _jСборники _2psbo |
||
| 712 | 0 | 2 | _aКПСС. Петрозаводский гор. ком. |
| 712 | 1 | 2 | _aПетрозаводская гор. конф. по вопросу "Внутрипроизв. хоз. расчет и его дальнейшее развитие на пром. предприятиях г. Петрозаводска" (1971) |
| 801 | 0 |
_aRU _bNLR _gpsbo |
|
| 801 | 1 |
_aRU _bELAR _2rusmarc |
|
| 852 |
_aNLR _j71-4/7664 |
||
| 942 | _cBOOK | ||
| 980 | _aNB | ||